| 000 | 00698nam a22002657a 4500 | ||
|---|---|---|---|
| 003 | UA-OsUOA | ||
| 001 | 26378 | ||
| 007 | ta | ||
| 008 | 20040527b un ||||| |||| 00| 0 ukr d | ||
| 100 | _aМаксимчук Б.В. | ||
| 700 | _aПетращук Н.Є. | ||
| 090 |
_a811.112.2(091) _bМ17 |
||
| 942 | _cBK | ||
| 040 |
_aUA-OsUOA _bukr _cUA-OsUOA _dUA-OsUOA |
||
| 245 |
_aІсторія німецької мови _bПрактичний курс |
||
| 300 | _a279 с. | ||
| 955 | _a0 | ||
| 041 | _aukr | ||
| 080 | _a811.112.2(091) | ||
| 020 | _a966-613-253-2 | ||
| 260 |
_aЛьвів _bЛНУ ім. Івана Франка _c2003 |
||
| 044 | _aUA | ||
| 650 | 7 | _2UDC | |
| 999 |
_c312700 _d312700 |
||